Paesi più grandi dell'Italia - Statistics

Statistiche generali
  • Questo quiz è stato fatto 143 volte
  • Il punteggio medio è 57 su 71
Statistiche sulle risposte
Superficie in km^2 Paese % Corretto
9 984 673 Canada
98%
17 125 306 Russia
98%
9 834 000 Stati Uniti
98%
357 021 Germania
97%
504 782 Spagna
97%
9 597 000 Cina
96%
642 850 Francia
96%
1 972 565 Messico
96%
8 547 393 Brasile
95%
2 780 272 Argentina
94%
7 703 429 Australia
94%
377 975 Giappone
94%
313 893 Polonia
92%
475 440 Svezia
91%
2 149 690 Arabia Saudita
90%
3 287 263 India
90%
2 724 921 Kazakistan
90%
1 759 540 Libia
90%
710 850 Marocco
90%
1 219 932 Sudafrica
90%
1 138 910 Colombia
89%
338 145 Finlandia
89%
1 564 116 Mongolia
89%
323 830 Norvegia
89%
2 381 741 Algeria
88%
1 648 000 Iran
87%
780 580 Turchia
87%
603 700 Ucraina
87%
756 950 Cile
86%
1 001 450 Egitto
86%
1 919 440 Indonesia
86%
342 000 Repubblica del Congo
86%
2 345 415 Repubblica democratica del congo
86%
1 267 000 Niger
84%
1 285 220 Perù
84%
437 072 Iraq
83%
923 768 Nigeria
83%
1 886 068 Sudan
83%
912 050 Venezuela
82%
803 940 Pakistan
81%
447 437,3 Uzbekistan
79%
1 284 000 Ciad
78%
1 127 127 Etiopia
77%
491 210 Turkmenistan
77%
647 500 Afghanistan
76%
514 000 Thailandia
76%
1 030 700 Mauritania
75%
1 246 700 Angola
73%
1 098 580 Bolivia
73%
582 650 Kenya
72%
637 657 Somalia
72%
1 240 000 Mali
70%
825 418 Namibia
70%
329 750 Malesia
68%
945 087 Tanzania
67%
600 370 Botswana
66%
587 040 Madagascar
66%
801 590 Mozambico
66%
527 970 Yemen
66%
678 500 Myanmar
65%
309 500 Oman
65%
623 004 Repubblica Centrafricana
65%
619 745 Sudan del Sud
65%
329 560 Vietnam
65%
390 580 Zimbabwe
65%
2 166 086 Danimarca
64%
752 614 Zambia
63%
449 964 Camerun
57%
406 750 Paraguay
57%
462 840 Papua Nuova Guinea
51%
322 460 Costa d'Avorio
35%
Nessun quiz corrispondente trovato
Distribuzione punteggi
Percentuale di utenti per punteggio
Percentile per numero di risposta
I tuoi punteggi nel tempo
Non hai fatto questo quiz